000 00633nam a2200169 a 4500
008 120416s1975 ||||||||||||||||| || u
050 _aGN 325 Stu
100 _aFortes, Meyer
245 1 0 _aStudies in African social anthropology
_cedited by Meyer Fortes
260 _aLondon
_bAcademic Press
_c1975
300 _a[x], 267p. : ill.
350 _a0.00
650 _aSOCIAL ANTHROPOLOGY--AFRICA
650 _aANTHROPOLOGY
700 _aPatterson, Sheila, 1918-
995 _D0.00
_FCBU-MAIN LIBRARY (Kitwe)
_H1
_I0.00
_M1
_UAVAILABLE
_WJul 13, 2006
_ZMain Library Open Access Collection
999 _c58778
_d58778